| 000 | 00499nam a2200181Ia 4500 | ||
|---|---|---|---|
| 005 | 20250508152829.0 | ||
| 008 | 008 250505s9999 xx 000 0 eng d | ||
| 037 | _aTextual | ||
| 040 |
_aFEDL _beng _cFEDL |
||
| 041 |
_aeng _2eng |
||
| 084 |
_a821, TAG _qFEDL |
||
| 100 | _aBose Aurobindo | ||
| 245 | 0 | _aWings fo death: The last poems of Rabindranath Tagore | |
| 260 |
_aLondon, UK _bJohn Murray _c1960 |
||
| 300 | _a95p. | ||
| 942 |
_cTEXL _h821, TAG |
||
| 999 |
_c1339036 _d1339036 |
||